LEADER 03226nam 2200661 450 001 9910460563503321 005 20200520144314.0 010 $a1-935937-73-1 035 $a(CKB)3710000000458980 035 $a(EBL)2122717 035 $a(OCoLC)916954045 035 $a(MiAaPQ)EBC2122717 035 $a(Au-PeEL)EBL2122717 035 $a(CaPaEBR)ebr11086654 035 $a(CaONFJC)MIL848391 035 $a(OCoLC)927168852 035 $a(EXLCZ)993710000000458980 100 $a20150817h20152015 uy 0 101 0 $aeng 135 $aur|n|---||||| 181 $2rdacontent 182 $2rdamedia 183 $2rdacarrier 200 10$aTorn $ea simple guide to ACL tears and healing for girls /$fJoy Werner and Doug Werner ; illustrations by Christina Byvik ; special contribution by Dr. Justin Balleza ; edited by Phyllis Carter 210 1$aSan Diego, California :$cTracks,$d2015. 210 4$dİ2015 215 $a1 online resource (161 p.) 300 $aDescription based upon print version of record. 311 $a1-935937-69-3 320 $aIncludes bibliographical references and index. 327 $a""Front Cover""; ""Title Page""; ""Copyright""; ""Dedication""; ""Contents""; ""Intro: Badge""; ""1. It is what it is: Joya???s notes""; ""2. First injury: Dada???s notes""; ""3. Once more: Dada???s notes""; ""4. ACL overview""; ""5. Girls & ACLs""; ""6. How to rehab""; ""7. Joya???s rehab: First six months""; ""8. Advanced: Training beyond rehab""; ""9. Training for girl athletes""; ""10. FAQs""; ""Index""; ""Acknowledgements"" 330 $aTorn is the story of author Joy Werner's struggle with two anterior cruciate ligament (ACL) injuries over the course of 24 months. ACL tears are serious knee injuries that plague youth sport, particularly young female athletes, and this book describes the long journeys of healing that the injuries demand, including the emotional and mental challenges. The personal perspective is supported by general information about the ACL, ACL injuries, and treatment. Torn is not only a guide but a real-world tale of what a young athlete had to endure and overcome when confronted with ACL injuries. It will 606 $aAnterior cruciate ligament$xWounds and injuries 606 $aAnterior cruciate ligament$xWounds and injuries$xTreatment 606 $aAnterior cruciate ligament$xSurgery 606 $aKnee$xWounds and injuries 606 $aKnee$xWounds and injuries$xTreatment 606 $aSports injuries 608 $aElectronic books. 615 0$aAnterior cruciate ligament$xWounds and injuries. 615 0$aAnterior cruciate ligament$xWounds and injuries$xTreatment. 615 0$aAnterior cruciate ligament$xSurgery. 615 0$aKnee$xWounds and injuries. 615 0$aKnee$xWounds and injuries$xTreatment. 615 0$aSports injuries. 676 $a617.1027092 700 $aWerner$b Joy$0918737 702 $aWerner$b Doug 702 $aByvik$b Christina 702 $aBalleza$b Justin 702 $aCarter$b Phyllis 801 0$bMiAaPQ 801 1$bMiAaPQ 801 2$bMiAaPQ 906 $aBOOK 912 $a9910460563503321 996 $aTorn$92060324 997 $aUNINA LEADER 03782nam 2200625Ia 450 001 9910788722003321 005 20200520144314.0 010 $a1-282-95959-X 010 $a9786612959592 010 $a0-252-09016-0 035 $a(CKB)3390000000006583 035 $a(EBL)3414161 035 $a(SSID)ssj0000543236 035 $a(PQKBManifestationID)11357194 035 $a(PQKBTitleCode)TC0000543236 035 $a(PQKBWorkID)10533581 035 $a(PQKB)10311265 035 $a(OCoLC)1058955647$z(OCoLC)703209372$z(OCoLC)768192119$z(OCoLC)841172338$z(OCoLC)923496462$z(OCoLC)961516385$z(OCoLC)962617387$z(OCoLC)975596174$z(OCoLC)1017610280$z(OCoLC)1017995155$z(OCoLC)1038171032$z(OCoLC)1044636711$z(OCoLC)1045109491$z(OCoLC)1048245716$z(OCoLC)1048748003$z(OCoLC)1053474687$z(OCoLC)1103555377$z(OCoLC)1119027970$z(OCoLC)1154992109$z(OCoLC)1154993996$z(OCoLC)1156397712 035 $a(OCoLC)on1058955647 035 $a(MdBmJHUP)muse24581 035 $a(Au-PeEL)EBL3414161 035 $a(CaPaEBR)ebr10622426 035 $a(CaONFJC)MIL295959 035 $a(OCoLC)923496462 035 $a(MiAaPQ)EBC3414161 035 $a(EXLCZ)993390000000006583 100 $a20100610d2011 uy 0 101 0 $aeng 135 $aur|n|---||||| 181 $ctxt 182 $cc 183 $acr 200 00$aChallenging the prison-industrial complex$b[electronic resource] $eactivism, arts, and educational alternatives /$fedited by Stephen John Hartnett 210 $aUrbana $cUniversity of Illinois Press$dc2011 215 $a1 online resource (313 p.) 300 $aDescription based upon print version of record. 311 $a0-252-03582-8 311 $a0-252-07770-9 320 $aIncludes bibliographical references and index. 327 $aBuilding an abolition democracy; or, the fight against public fear, private benefits, and prison expansion / Erica R. Meiners -- Poem. Another day in the Champaign County Jail / Dennis Mansker -- Militarizing the police : Officer Jon Burge, torture, and war in the "urban jungle" / Julilly Kohler-Hausmann -- Poem. Gotta be careful where ya plant ya feet / Marvin Mays -- Killing democracy; or, how the drug war drives the prison-industrial complex / Daniel Mark Larson -- Poem. Another day / Erika Baro -- Teaching you to love fear : television news and racial stereotypes in a punishing democracy / Travis L. Dixon -- Poem. In search of salvation / William T. Smith -- Diagnosing the schools-to-prisons pipeline : maximum security, minimum learning / Rose Braz and Myesha Williams -- A piece of the reply : the Prison Creative Arts Project and practicing resistance / Buzz Alexander -- Poem. The poet's corner / George Hall -- Each one reach one : playwriting and community activism as redemption and prevention / Robin Sohnen -- Poem. Devil talks / Robert "Chicago" McCollum -- Fostering cultures of achievement in urban schools : how to work toward the abolition of the schools-to-prisons pipeline / Garrett Albert Duncan -- Poem. January 3, 2009 / Nicole Monahan -- Humanizing education behind bars : Shakespeare and the theater of empowerment / Jonathan Shailor -- Poem. Anger / Kenneth Sean Kelly -- Breaking down the walls : inside-out learning and the pedagogy of transformation / Lori Pompa. 606 $aPrison-industrial complex$zUnited States 606 $aImprisonment$zUnited States 606 $aPrisons$zUnited States 615 0$aPrison-industrial complex 615 0$aImprisonment 615 0$aPrisons 676 $a365.973 701 $aHartnett$b Stephen J$01463157 801 0$bMiAaPQ 801 1$bMiAaPQ 801 2$bMiAaPQ 906 $aBOOK 912 $a9910788722003321 996 $aChallenging the prison-industrial complex$93761898 997 $aUNINA